000 00892nam a2200265 i 4500
003 DO-SdBNP
005 20250402113252.0
007 ta
008 250402b2024 dr a|||| |||| 00| 0 spa d
020 _a9789945945584
040 _aDO-SdBNP
_bspa
_cBNPHU
_erda
082 4 _axxx
_222
_bL318m
100 _aLara, Katherine,
_eautor
_4aut.
_987302
245 1 0 _aMartina y la odontopediatra
_cKatherine Lara ; edición, Ericarol Carlo ; Ilustraciones, Monserrat Espaillat
264 4 _aSanto Domingo :
_bEditora Búho,
_c©2024.
300 _a30 páginas :
_bilustraciones ;
_c24 cm.
336 _atexto
_btxt
_2rdacontent
337 _asin mediación
_bn
_2rdamedia
338 _avolumen
_bnc
_2rdacarrier
590 _aInventariado, 2025/BT
700 1 _aCarlo, Ericarol,
_eeditor
_4ed.
_985615
700 1 _aEspaillat, Monserrat,
_eilustrador
_4il.
_987303
910 _aBtavárez
942 _2ddc
_cLF2
999 _c58561
_d58561